<?xml version='1.0' encoding='UTF-8'?>
  <record xmlns="http://www.loc.gov/MARC21/slim">
    <leader>00000cem a22000007i 4500</leader>
    <controlfield tag="001">ocn776138943</controlfield>
    <controlfield tag="003">OCoLC</controlfield>
    <controlfield tag="005">20250918022601.5</controlfield>
    <controlfield tag="007">aj aauun</controlfield>
    <controlfield tag="008">850620s1854    ne        u     0   dut d</controlfield>
    <datafield tag="040" ind1=" " ind2=" ">
      <subfield code="a">NLGGC</subfield>
      <subfield code="b">dut</subfield>
      <subfield code="e">fobidrtb</subfield>
      <subfield code="c">NLGGC</subfield>
      <subfield code="d">QGJ</subfield>
      <subfield code="d">OCLCO</subfield>
      <subfield code="d">OCLCA</subfield>
      <subfield code="d">OCLCL</subfield>
      <subfield code="d">OCLCQ</subfield>
    </datafield>
    <datafield tag="029" ind1="0" ind2=" ">
      <subfield code="a">NLGGC</subfield>
      <subfield code="b">85176097X</subfield>
    </datafield>
    <datafield tag="034" ind1="1" ind2=" ">
      <subfield code="a">a</subfield>
      <subfield code="b">25000</subfield>
    </datafield>
    <datafield tag="035" ind1=" " ind2=" ">
      <subfield code="a">(OCoLC)776138943</subfield>
    </datafield>
    <datafield tag="100" ind1="1" ind2=" ">
      <subfield code="a">Witteveen, J.W.,</subfield>
      <subfield code="d">19e eeuw.</subfield>
      <subfield code="1">https://id.oclc.org/worldcat/entity/E39PCjBcjDCdKxvR73DQ4FQb7d</subfield>
    </datafield>
    <datafield tag="245" ind1="1" ind2="0">
      <subfield code="a">Gemeente Het Bildt, (voormalige negende grietenij van Westergoo) :</subfield>
      <subfield code="b">Kadastrale gemeenten 1. St. Anna-Porochie 2. St. Jacobi-Parochie 3. Le Vrouwe Parochie, IIe kanton (Berlikum), Ie arrondissement (Leeuwarden) 1852 ... Uitgegeven op last der Staten van Friesland /</subfield>
      <subfield code="c">J.W. Witteveen delin[eavi]t ; D. en H. Veelwaard sculps[erun]t ; L. Schweickhardt scrips[i]t.</subfield>
    </datafield>
    <datafield tag="255" ind1=" " ind2=" ">
      <subfield code="a">1:25.000.</subfield>
    </datafield>
    <datafield tag="260" ind1=" " ind2=" ">
      <subfield code="a">Leeuwarden :</subfield>
      <subfield code="b">W. Eekhoff,</subfield>
      <subfield code="c">[1854]</subfield>
    </datafield>
    <datafield tag="300" ind1=" " ind2=" ">
      <subfield code="a">1 kaart. :</subfield>
      <subfield code="b">kopergravure. ;</subfield>
      <subfield code="c">57x64 cm.</subfield>
    </datafield>
    <datafield tag="336" ind1=" " ind2=" ">
      <subfield code="a">cartografische afbeelding</subfield>
      <subfield code="b">cri</subfield>
      <subfield code="2">rdacontent/dut</subfield>
    </datafield>
    <datafield tag="337" ind1=" " ind2=" ">
      <subfield code="a">zonder medium</subfield>
      <subfield code="b">n</subfield>
      <subfield code="2">rdamedia/dut</subfield>
    </datafield>
    <datafield tag="338" ind1=" " ind2=" ">
      <subfield code="a">vel</subfield>
      <subfield code="b">nb</subfield>
      <subfield code="2">rdacarrier/dut</subfield>
    </datafield>
    <datafield tag="490" ind1="1" ind2=" ">
      <subfield code="a">Nieuwe atlas van de provincie Friesland / W. Eekhoff ;</subfield>
      <subfield code="v">20</subfield>
    </datafield>
    <datafield tag="500" ind1=" " ind2=" ">
      <subfield code="a">Beschreven in: Koeman, Atlantes Neerlandici II, p. 101-102.</subfield>
    </datafield>
    <datafield tag="500" ind1=" " ind2=" ">
      <subfield code="a">Legenda.</subfield>
    </datafield>
    <datafield tag="507" ind1=" " ind2=" ">
      <subfield code="a">Schaalstok van 5.000 Ellen (= 19,3 cm).</subfield>
    </datafield>
    <datafield tag="700" ind1="1" ind2=" ">
      <subfield code="a">Veelwaard, Danie͏̈l,</subfield>
      <subfield code="d">1796-1868.</subfield>
      <subfield code="1">https://id.oclc.org/worldcat/entity/E39PBJmHK6T6rB6VMpVrFbhCQq</subfield>
    </datafield>
    <datafield tag="700" ind1="1" ind2=" ">
      <subfield code="a">Veelwaard, H.</subfield>
      <subfield code="q">(Hermanus),</subfield>
      <subfield code="d">1814-1872.</subfield>
      <subfield code="1">https://id.oclc.org/worldcat/entity/E39PCjJygyHCKXKHvGFpmmTgGb</subfield>
    </datafield>
    <datafield tag="700" ind1="1" ind2=" ">
      <subfield code="a">Schweickhardt, Leonardus,</subfield>
      <subfield code="d">1783-1862.</subfield>
      <subfield code="1">https://id.oclc.org/worldcat/entity/E39PCjwQdXhDkBX44rBVxmJdgq</subfield>
    </datafield>
    <datafield tag="700" ind1="1" ind2=" ">
      <subfield code="a">Eekhoff, W.</subfield>
      <subfield code="q">(Wopke),</subfield>
      <subfield code="d">1809-1880.</subfield>
      <subfield code="1">https://id.oclc.org/worldcat/entity/E39PBJmpbbVCmq4vfv3DvbWJjC</subfield>
    </datafield>
    <datafield tag="773" ind1="0" ind2="8">
      <subfield code="7">nnem</subfield>
      <subfield code="i">(MP)</subfield>
      <subfield code="t">Nieuwe atlas van de provincie Friesland. bevattende kaarten van de dertig grietenijen of gemeenten met de daarin gelegene elf steden en haar grondgebied, alsmede van de eilanden Ameland en Schiermonnikoog. naar de kadastrale plans en later topographische opneemingen getekend op de schaal van 25.000 op 1. en in atlas-plano formaat in het koper gegraveerd op last der Provinciale Staten</subfield>
      <subfield code="w">(NL-LeOCL)802349242</subfield>
    </datafield>
    <datafield tag="830" ind1=" " ind2="0">
      <subfield code="a">Nieuwe atlas van de provincie Friesland / W. Eekhoff ;</subfield>
      <subfield code="v">20.</subfield>
    </datafield>
    <datafield tag="936" ind1=" " ind2=" ">
      <subfield code="a">BATCHLOAD</subfield>
    </datafield>
  </record>